000 00553nam a2200205Ia 4500
003 OSt
005 20220927114239.0
006 a|||||r|||| 00| 0
007 ta
008 220926b |||||||| |||| 00| 0 eng d
024 _a149493
037 _cTextbook
040 _aRTL
_cRTL
_beng
041 _2eng
_aeng
082 _a"U, TD"
100 _aJANSEN Hans G P & others
_9387832
245 0 _aAdoption ceilings and modern course cereal u\cultivars in india
942 _h"U, TD"
_cCC
999 _c703691
_d703691